书目信息 |
| 题名: |
建筑环境
|
|
| 作者: | 刘文志 , 李小明 主编 | |
| 分册: | ||
| 出版信息: | 哈尔滨 黑龙江科学技术出版社 2001.12 |
|
| 页数: | 192页 | |
| 开本: | 26cm | |
| 丛书名: | 世界现代建筑画精选丛书 | |
| 单 册: | ||
| 中图分类: | TU206 | |
| 科图分类: | ||
| 主题词: | ||
| 电子资源: | ||
| ISBN: | 7-5388-2318-2 | |
| 000 | 00669nam0 2200217 45 | |
| 001 | 9911161423 | |
| 005 | 19991116144718.7 | |
| 010 | @a7-5388-2318-2@d58.00元 | |
| 100 | @a19991116d2001 km y0chiy0120 ea | |
| 101 | @achi | |
| 105 | @a z 000yy | |
| 200 | 1 | @a建筑环境@AJian Zhu Huan Jing@f刘文志,李小明主编@FLiu Wen Zhi,Li Xiao Ming Zhu Bian |
| 210 | @a哈尔滨@c黑龙江科学技术出版社@d2001.12 | |
| 215 | @a192页@d26cm | |
| 225 | 2 | @a世界现代建筑画精选丛书 |
| 410 | 0 | @12001 @a世界现代建筑画精选丛书 |
| 690 | @aTU206@v3@aTU206@v3 | |
| 701 | @a刘文志@4主编 | |
| 701 | 0 | @a李小明@ALi Xiao Ming@4主编 |
| 801 | @aCN@bPFTUser@c19991116 | |
| 905 | @a安徽大学@dTU206@eL689 | |
| 建筑环境/刘文志,李小明主编.-哈尔滨:黑龙江科学技术出版社,2001.12 |
| 192页;26cm.-(世界现代建筑画精选丛书) |
| ISBN 7-5388-2318-2:58.00元 |
| ● |
| 相关链接 |
|
|
|
正题名:建筑环境
索取号:TU206/L689
 
预约/预借
| 序号 | 登录号 | 条形码 | 馆藏地/架位号 | 状态 | 备注 |
| 1 | 356267 | 203562670 | 建筑库101/101建筑库 110排7列3层/ [索取号:TU206/L689] | 在馆 | |
| 2 | 356268 | 203562689 | 建筑库101/101建筑库 110排7列3层/ [索取号:TU206/L689] | 在馆 | |
| 3 | 356269 | 203562698 | 自科二线404/404自科库 19排6列2层/ [索取号:TU206/L689] | 在馆 |